Statistics for Head to Head - Countries (Area)

Click here to take the quiz!

General Stats

  • This quiz has been taken 947 times
  • The average score is 8 of 15

Answer Stats

QuestionAnswer% Correct
Which country is bigger in size, Tuvalu or Nauru?Tuvalu
79%
Which country is bigger in size, San Marino or Monaco?San Marino
78%
Which country is bigger in size, the Philippines or Belarus?Philippines
72%
Which country is bigger in size, Chad or Mauritania?Chad
71%
Which country is bigger in size, Japan or Malaysia?Japan
60%
Which country is bigger in size, Oman or the UK?Oman
57%
Which country is bigger in size, Hungary or Iceland?Iceland
53%
Which country is bigger in size, Norway or Iraq?Iraq
49%
Which country is bigger in size, Chile or France?Chile
44%
Which country is bigger in size, Spain or Sweden?Spain
43%
Which country is bigger in size, Togo or Estonia?Togo
42%
Which country is bigger in size, Nepal or Suriname?Suriname
41%
Which country is bigger in size, Burkina Faso or Romania?Burkina Faso
38%
Which country is bigger in size, Argentina or Kazakhstan?Argentina
36%
Which country is bigger in size, Pakistan or Nigeria?Nigeria
35%

Score Distribution

Percentile by Number Answered

Percent of People with Each Score

Your Score History

You have not taken this quiz